000 03064nam a2200301 a 4500
001 000015034
005 20250701104719.0
008 100129s2001 dr ac 000 0 spa d
040 _aDO-SdBNP
_bspa
_cBNPHU
082 _a628.44564
_bB585i
100 1 _aBidó, Héctor
_914515
245 1 0 _aIntroducción a los rellenos sanitarios /
_cHéctor Bidó.
260 _aSanto Domingo :
_bSecrtetaría de Estado de Medio Ambiente y Recursos Naturales,
_c2001.
300 _a431 p. :
_bil., retrs. ;
_c23 cm.
500 _aIncluye referencias bibliograficas al final de los capítulos
505 0 _aIntroducción a los residuos sólidos -- Caracterización de los residuos sólidos -- Composición de los residuos sólidos -- Generación de los residuos sólidos -- Manejo integral de los residuos sólidos -- Problemática ambiental -- Problema económico de los residuos sólidos -- Discusiones y problemas -- Disposición final de los residuos sólidos -- Disposición final de los residuos sólidos-- Transformación de los residuos sólidos -- Disposición final de los residuos sólidos -- Discusiones y problemas -- Principios básicos de los reyenos sanitarios -- Componente del relleno sanitario -- Actividades en un relleno sanitario -- Clasificación y tipos de relleno sanitarios -- Métodos de disposición final -- Capacidad volumétrica de los rellenos sanitarios -- Protección de la salud y del medio ambiente -- Cambios en las propiedades de los rellenos -- Discusiones y problemas.
505 0 _aUbicación de rellenos sanitarios -- Identificación de sitios potenciales -- Evaluación de sitios potenciales -- Criterios de selección de sitios potenciales -- Discusiones y problemas -- Diseño de los rellenos Sanitarios -- Procedimiento para el diseño de los rellenos -- Preparación del sitio -- Diseño y construcción -- Discusiones y problemas -- Operación de rellenos sanitarios-- Procedimientos básicos de operación -- Operación de disposición final -- Operación de equipos -- Salud y seguridad pública -- Controles ambientales -- Discusiones y problemas -- Manejo de lixiviados-- Manejo de aguas superficiales -- Formación, migración y composición del lixiviado -- Sistrema de recolección del lixiviado -- Control y tratamiento del lixiviado -- Discusiones y problemas -- Manejo del gas del relleno sanitario -- Generación y composición del biogás -- Recuperación del biogas -- Discusiones y problemas -- Clausura y vigilancia de los rellenos sanitarios-- Clausura de rellenos sanitarios -- Sistemas de controles.
590 _aInventariado,2018/DG
650 4 _aBasuras y aprovechamiento de basuras
_934024
650 4 _aAprovechamiento de residuos
_934025
650 4 _aConversión de residuos
_934026
650 4 _aIngeniería sanitaria
_934027
650 4 _aProductos de residuos
_934028
650 0 _aSalud pública
_956565
650 0 _aSaneamiento
_97181
710 1 _aRepública Dominicana.
_bSecrtetaría de Estado de Medio Ambiente y Recursos Naturales.
_934029
910 _aValidado. Control de calidad MFF
999 _c14607
_d14607